000 00620nam a2200217Ia 4500
003 OSt
005 20220926012112.0
006 a|||||r|||| 00| 0
007 ta
008 220923b |||||||| |||| 00| 0 eng d
037 _cGeneral Book
040 _aRTL
_cRTL
_beng
041 _2eng
_aeng
082 _aY:3(Q), L0
100 _aO'Dea Thomas F
_9134458
245 0 _aSociology and the study of religion
_b Theory, research, Interpretation
260 _aNew York
_bBasic Books
_c1970
300 _ax,307p
_ccm.
942 _hY:3(Q), L0
_cGB
_2CC
999 _c621698
_d621698